000 00458nam a2200181Ia 4500
005 20240823041900.0
008 240823s9999||||xx |||||||||||||| ||und||
041 _aENGLISH
082 _A891.78 K4
100 _aAvrahm Yarmolinsky
245 4 _aThe poems prose and plays of Alexander Pushkin
250 _a1st
260 _c1964
_b"The Modern Library,New York"
500 _aTRANSFERED
650 _aGeneral
_bGeneral
942 _cBK
999 _c206561
_d206561